ROCK MECHANICS FOR ENGINEERS (Record no. 5248)

MARC details
000 -LEADER
fixed length control field 00337nam a22001457a 4500
005 - DATE AND TIME OF LATEST TRANSACTION
control field 20160916100943.0
008 - FIXED-LENGTH DATA ELEMENTS--GENERAL INFORMATION
fixed length control field 160916b xxu||||| |||| 00| 0 eng d
041 ## - LANGUAGE CODE
Language code of text/sound track or separate title eng
100 ## - MAIN ENTRY--AUTHOR NAME
Personal name VERMA,DR.B.P
245 ## - TITLE STATEMENT
Title ROCK MECHANICS FOR ENGINEERS
260 ## - PUBLICATION, DISTRIBUTION, ETC. (IMPRINT)
Name of publisher KHANNA
Year of publication 2015
300 ## - PHYSICAL DESCRIPTION
Number of Pages 256
650 ## - SUBJECT ADDED ENTRY--TOPICAL TERM
Topical Term ENGINEERING
942 ## - ADDED ENTRY ELEMENTS (KOHA)
Koha item type Books
Holdings
Lost status Damaged status Collection code Home library Current library Shelving location Date acquired Source of acquisition Cost, normal purchase price Full call number Accession Number Koha item type
    Reference JRU Library JRU Library SHELF-7-H 16/09/2016 PURCHASE 165.00 624.151 32 21236 Books
    MINING JRU Library JRU Library SHELF-94-A 16/09/2016 PURCHASE 165.00   21237 Books
    MINING JRU Library JRU Library SHELF-94-A 16/09/2016 PURCHASE 165.00   21238 Books
    MINING JRU Library JRU Library SHELF-94-A 16/09/2016 PURCHASE 165.00   21239 Books
    MINING JRU Library JRU Library SHELF-94-A 16/09/2016 PURCHASE 165.00   21240 Books
    MINING JRU Library JRU Library SHELF-94-A 25/02/2022 PURCHASE 199.00 624.151 32 26607 Books
    MINING JRU Library JRU Library SHELF-94-A 25/02/2022 PURCHASE 199.00 624.151 32 26608 Books
    MINING JRU Library JRU Library SHELF-94-A 25/02/2022 PURCHASE 199.00 624.151 32 26609 Books
    MINING JRU Library JRU Library SHELF-94-A 25/02/2022 PURCHASE 199.00 624.151 32 26610 Books
    MINING JRU Library JRU Library SHELF-60-B 25/02/2022 PURCHASE 199.00 624.151 32 26611 Books